Corpus analysis of the preposition of in ICE Nigeria /
Saved in:
| Main Author: | |
|---|---|
| Format: | Thesis Book |
| Language: | English |
| Published: |
2015.
|
| Subjects: | |
| Tags: |
Add Tag
No Tags, Be the first to tag this record!
|
| LEADER | 01631cam a2200385 i 4500 | ||
|---|---|---|---|
| 001 | u1041981 | ||
| 003 | SIRSI | ||
| 005 | 201610192423 | ||
| 008 | 161019s2015 my a m 000 0 eng | ||
| 040 | |a UMB |d UMM |d AUM |e rda | ||
| 043 | |a f-nr--- | ||
| 090 | |a P121 |b UM 2015 Rim | ||
| 093 | |a P121 |b UM 2015 Rim | ||
| 100 | 1 | |a Rimi, Saleh Bagudu, |e author. | |
| 245 | 1 | 0 | |a Corpus analysis of the preposition of in ICE Nigeria / |c Saleh Bagudu Rimi. |
| 264 | 1 | |c 2015. | |
| 264 | 4 | |c 2015. | |
| 300 | |a xvi, 149 leaves : |b illustrations ; |c 30 cm. | ||
| 336 | |a text |2 rdacontent | ||
| 337 | |a unmediated |2 rdamedia | ||
| 338 | |a volume |2 rdacarrier | ||
| 502 | |b M.Ling. |c Jabatan Bahasa Inggeris, Fakulti Bahasa and Linguistik, Universiti Malaya |d 2016. | ||
| 504 | |a Bibliography: leaves 137-143. | ||
| 650 | 0 | |a Linguistic change. | |
| 650 | 0 | |a English language |x Prepositions. | |
| 650 | 0 | |a English language |x Parts of speech. | |
| 650 | 0 | |a English language |x Grammar. | |
| 650 | 0 | |a English language |x Pronunciation by foreign speakers. | |
| 650 | 0 | |a English language |x Study and teaching |z Nigeria. | |
| 710 | 2 | |a Universiti Malaya. |b Jabatan Bahasa Inggeris, |e degree granting institution. | |
| 900 | |a ANR | ||
| 596 | |a 1 6 25 | ||
| 999 | |a P121 UM 2015 RIM |w LC |c 1 |i A516207390 |d 29/11/2016 |f 29/11/2016 |g 1 |l STACKS |m P06BAHASA |r Y |s Y |t TESIS |u 29/11/2016 |1 AHSS | ||
| 999 | |a P121 UM 2015 RIM |w LC |c 1 |i A516388330 |d 24/1/2020 |e 24/1/2020 |f 19/12/2016 |g 1 |l STACKS |m P01UTAMA |n 1 |r Y |s Y |t TESIS |u 19/12/2016 |1 AHSS | ||
| 999 | |a P121 UM 2015 RIM |w LC |c 1 |i A517141655 |d 16/10/2018 |f 16/10/2018 |g 1 |l STACKS |m P25UMARCHI |r N |s Y |t CD |u 16/10/2018 |1 AHSS |o .STAFF. MST-CD9385 | ||
